Online
Catalog

La corona Española y el Indio Américano. / (Record no. 40642)

MARC details
000 -CABECERA
campo de control de longitud fija 00653nam a2200193 a 4500
001 - NÚMERO DE CONTROL
campo de control 000041152
005 - FECHA Y HORA DE LA ÚLTIMA TRANSACCIÓN
campo de control 20201002034648.0
008 - DATOS DE LONGITUD FIJA--INFORMACIÓN GENERAL
campo de control de longitud fija 130920s1989 sp 000 0 spa d
020 ## - NÚMERO INTERNACIONAL ESTÁNDAR DEL LIBRO
Número Internacional Estándar del Libro 8485861078
040 ## - FUENTE DE LA CATALOGACIÓN
Centro catalogador/agencia de origen DO-SdBNP
Lengua de catalogación spa
Centro/agencia transcriptor BNPHU
082 ## - NÚMERO DE LA CLASIFICACIÓN DECIMAL DEWEY
Número de clasificación cccc
Número de documento/Ítem xxx
100 1# - ENTRADA PRINCIPAL--NOMBRE DE PERSONA
Nombre de persona Esteva Fabregat, Claudio
9 (RLIN) 67698
245 13 - MENCIÓN DE TÍTULO
Título La corona Española y el Indio Américano. /
Mención de responsabilidad, etc. Claudio Esteva Fabregat.
260 ## - PUBLICACIÓN, DISTRIBUCIÓN, ETC.
Lugar de publicación, distribución, etc. Valencia, :
Nombre del editor, distribuidor, etc. Asociación Francisco López de Gomara,
Fecha de publicación, distribución, etc. 1989.
300 ## - DESCRIPCIÓN FÍSICA
Extensión 2 v. ;
Dimensiones 24 cm.
490 1# - MENCIÓN DE SERIE
Mención de serie La corona y los pueblos americanos
Designación de volumen o secuencia 4
504 ## - NOTA DE BIBLIOGRAFÍA, ETC.
Nota de bibliografía, etc. Bibliografía p: 201-207
Número de referencias v. 2
830 #0 - PUNTO DE ACCESO ADICIONAL DE SERIE-TÍTULO UNIFORME
Título uniforme La corona y los pueblos americanos
Designación de volumen o secuencia 4
9 (RLIN) 67699
Holdings
Estado de retiro Estado de pérdida Restricciones de uso No para préstamo Código de colección Localización permanente Ubicación/localización actual Ubicación en estantería Fecha de adquisición Número de inventario Total de préstamos Signatura topográfica completa Código de barras Fecha visto por última vez Precio válido a partir de Tipo de ítem Koha
      Excluido de préstamo Monografías: Libros y Folletos General General En catalogación 20.09.2013 LF1   v. 1 41152-10 25.06.2020 25.06.2020 No se presta
      Excluido de préstamo Monografías: Libros y Folletos General General En catalogación 20.09.2013 LF1   v. 1, e. 2 41152-20 25.06.2020 25.06.2020 No se presta
      Excluido de préstamo Monografías: Libros y Folletos General General En catalogación 15.11.2013 LF1   v. 2 41152-30 25.06.2020 25.06.2020 No se presta
      Excluido de préstamo Monografías: Libros y Folletos General General En catalogación 15.11.2013 LF1   v. 2, e. 2 41152-40 25.06.2020 25.06.2020 No se presta

Powered by Koha